Obálka
Pro půjčování e-knih musíte být přihlášeni.
Jak si půjčit online?

Noc na Karlštejně /

Karel Höger v roli Karla IV., Libuše Švormová v roli jeho ženy Alžběty, Eduard Cupák jako Arnošt z Pardubic, Jana Preissová jako Alena a plejáda dalších skvělých herců ve známé divadelní hře Jaroslava Vrchlického Noc na Karlštejně slibují skvělý zážitek i po letech, když původní supraphonský komplet...

Celý popis

Uloženo v:
Hlavní autor: Vrchlický, Jaroslav (Autor)
Další autoři: interpreti, Různí (Autor)
Médium: E-audiokniha
Vydáno: Praha : Supraphon a.s., 2015
Tagy:
Žádné tagy
LEADER 01914nim a22003017i 4500
001 313216
007 sr nunnnnnnned
024 |a 099925746629 
044 |a xr 
100 1 |a  Vrchlický, Jaroslav  |4 aut 
245 1 0 |a Noc na Karlštejně /  |c  Vrchlický, Jaroslav 
240 1 0 |a Noc na Karlštejně 
264 1 |a Praha :  |b Supraphon a.s.,  |c 2015 
300 |a 1 online zdroj (1 hod., 47 min., 0 sek.) 
336 |a mluvené slovo  |b spw  |2 rdacontent 
337 |a audio  |b s  |2 rdamedia 
338 |a online zdroj  |b cr  |2 rdacarrier 
505 0 0 |t Vniknutí císařovny a Aleny na hrad (19 min., 14 sek.) 
505 0 0 |t Příchod Karla IV. (18 min., 10 sek.) 
505 0 0 |t V císařově ložnici (18 min., 13 sek.) 
505 0 0 |t Královo odhalení císařovny (16 min., 35 sek.) 
505 0 0 |t Odhalení Aleny (18 min., 43 sek.) 
505 0 0 |t Král ruší zákaz pobytu žen na Karlštejně (15 min., 59 sek.) 
520 2 |a Karel Höger v roli Karla IV., Libuše Švormová v roli jeho ženy Alžběty, Eduard Cupák jako Arnošt z Pardubic, Jana Preissová jako Alena a plejáda dalších skvělých herců ve známé divadelní hře Jaroslava Vrchlického Noc na Karlštejně slibují skvělý zážitek i po letech, když původní supraphonský komplet 3LP 1 18 2065-67 vyšel v roce 1977.\nÚsměvná veselohra, s hudbou Václava Trojana, plná vtipných zápletek, vypráví o odvaze dvou zamilovaných žen, které kvůli své lásce (a také žárlivosti) pronikly na hrad Karlštejn, kam je dle příkazu panovníka přístup ženám zapovězen. 
700 1 |a  interpreti, Různí  |4 nrt 
910 |a RBIT002 
998 |d 394774  |a https://core.palmknihy.cz/api/books/394774/cover?s7d17v  |b https://core.palmknihy.cz/api/books/394774/cover/400?s7d17v  |c https://core.palmknihy.cz/api/books/394774/cover/50?s7d17v  |e 2099-01-01  |i 099925746629  |l 6420  |q 49  |r 1  |s https://www.palmknihy.cz/kniha/394774  |t audiobook  |y 2015  |z 1 
999 |d 313214